| 000 | 00897nam a22002897a 4500 | ||
|---|---|---|---|
| 003 | CHAP | ||
| 005 | 20220329143658.0 | ||
| 008 | 110111s1972 enk r 00010 eng d | ||
| 010 | _a100218 | ||
| 011 | _a101190 | ||
| 020 | _a851981933 | ||
| 035 | _a111877 | ||
| 040 | _cCHAP | ||
| 082 | 1 | 4 |
_a636.089 _bV64 |
| 245 | 0 |
_aVeterinary subject headings for use in index veterinarius and the veterinary bulletin _c/compilado por Roy Mack |
|
| 260 |
_aLondres : _bCommonwealth Agricultural Bureaux, _c1972 |
||
| 300 | _a114 p. | ||
| 590 |
_aBATCH-UPD _b10 _c20130110 _lUCH01 _h1130 |
||
| 590 |
_aCONVERSION _b10 _c20130109 _lUCH01 _h1355 |
||
| 650 | 1 | 4 |
_aEncabezamientos de materia. _936718 |
| 650 | 1 | 4 |
_aVeterinaria. _9118987 |
| 700 | 1 |
_aMack, Roy _e, comp. _969432 |
|
| 901 | _aBK | ||
| 911 | _aen proceso | ||
| 942 | _cLIBRO | ||
| 949 |
_a636.089 V64 _bBC _cC _d33724002229900 _eC _h113984 _i111877 _sb |
||
| 999 |
_c100218 _d100218 |
||